Fenerbahçe Women's Volleyball Team Roster 2023/2024 Season - Statistics

General Stats
  • This quiz has been taken 53 times
  • The average score is 8 of 16
Answer Stats
No. Nation Position Player % Correct
14 Turkey MB Eda Erdem Dündar (C)
89%
44 Turkey OP Melissa Vargas
89%
1 Turkey L Hatice Gizem Örge
67%
12 Brazil OH Ana Cristina Souza
58%
8 Turkey MB Aslı Kalaç
56%
3 Poland OP Magdalena Stysiak
56%
17 Serbia S Bojana Drča
50%
9 Turkey OH Meliha Diken
47%
(-) Italy Head Coach Stefano Lavarini
44%
10 Russia OH Arina Fedorovtseva
42%
13 Turkey OP Meryem Boz
42%
18 Turkey S Buse Ünal
36%
7 Turkey OH Cansu Çetin
31%
15 Russia MB Irina Fetisova
31%
6 Turkey L Ada Germen Korkmaz
28%
5 Turkey MB Ergül Avcı
28%
No matching quizzes found
Score Distribution
Percent of People with Each Score
Percentile by Number Answered
Your Score History
You have not taken this quiz